ARRUPE JESUIT UNIVERSITY

CORONAVIRUS -STOP THE SPREAD - CLEAN,DISINFECT,COVER

Ministers of God, ministers of the people / (Record no. 125481)

MARC details
000 -LEADER
fixed length control field 00902cam a22003018a 4500
001 - CONTROL NUMBER
control field 4484072
003 - CONTROL NUMBER IDENTIFIER
control field ARRUPE
005 - DATE AND TIME OF LATEST TRANSACTION
control field 20161010140338.0
008 - FIXED-LENGTH DATA ELEMENTS--GENERAL INFORMATION
fixed length control field 830406s1983 nyu 000 0deng
010 ## - LIBRARY OF CONGRESS CONTROL NUMBER
LC control number 83006306
020 ## - INTERNATIONAL STANDARD BOOK NUMBER
International Standard Book Number 088344335X (pbk.)
035 ## - SYSTEM CONTROL NUMBER
System control number (OCoLC)505717793
035 ## - SYSTEM CONTROL NUMBER
System control number (OCoLC)ocn505717793
035 ## - SYSTEM CONTROL NUMBER
System control number (NNC)4484072
040 ## - CATALOGING SOURCE
Original cataloging agency DLC
Transcribing agency DLC
Modifying agency NNUT
-- CStRLIN
043 ## - GEOGRAPHIC AREA CODE
Geographic area code ncnq---
050 0# - LIBRARY OF CONGRESS CALL NUMBER
Classification number BX1442.2C32 1983
090 ## - LOCALLY ASSIGNED LC-TYPE CALL NUMBER (OCLC); LOCAL CALL NUMBER (OCLC)
Classification number (OCLC) (R) ; Classification number, CALL (RLIN) (NR) BX1442.2
Local cutter number (OCLC) ; Book number/undivided call number, CALL (RLIN) .C32 1983
300 ## - PHYSICAL DESCRIPTION
Dimensions 21 cm.
100 1# - MAIN ENTRY--PERSONAL NAME
Personal name Cabestrero, Teófilo.
9 (RLIN) 8224
245 10 - TITLE STATEMENT
Title Ministers of God, ministers of the people /
Statement of responsibility, etc by Teofilo Cabestrero.
260 ## - PUBLICATION, DISTRIBUTION, ETC. (IMPRINT)
Place of publication, distribution, etc New York :
Name of publisher, distributor, etc Orbis Books,
Date of publication, distribution, etc 1983
263 ## - PROJECTED PUBLICATION DATE
Projected publication date 8308
300 ## - PHYSICAL DESCRIPTION
Extent xiv, 130 p.;
610 20 - SUBJECT ADDED ENTRY--CORPORATE NAME
Corporate name or jurisdiction name as entry element Catholic Church
Geographic subdivision Nicaragua
General subdivision Clergy
-- Political activity.
9 (RLIN) 26639
650 ## - SUBJECT ADDED ENTRY--TOPICAL TERM
Topical term or geographic name as entry element Nicaragua
General subdivision Politics and government
Chronological subdivision 1979-1990.
9 (RLIN) 26640
942 ## - ADDED ENTRY ELEMENTS (KOHA)
Source of classification or shelving scheme Library of Congress Classification
Koha item type Monograph ( Printed materials)
Holdings
Withdrawn status Lost status Source of classification or shelving scheme Damaged status Not for loan Collection code Home library Current library Shelving location Date acquired Total Checkouts Full call number Barcode Date last seen Price effective from Koha item type
    Library of Congress Classification     Main Collection ARRUPE LIBRARY ARRUPE LIBRARY Main Collection 10/10/2016   BX1442.2C32 1983 46500020842 22/11/2017 10/10/2016 Monograph ( Printed materials)

 

Arrupe Library. PO Box MP320 Mt Pleasant, Harare, Zimbabwe
263 242 745411|librarian@aju.ac.zw